| 000 | 00000nam##2200000za#4500 |
| 001 | 9.648104 |
| 003 | CaOODSP |
| 005 | 20200330091733 |
| 007 | ta |
| 008 | 150407|2001||||xxc||||| f|0| 0 eng|d |
| 020 | |a0-662-30167-6 |
| 040 | |aCaOODSP|beng |
| 043 | |an-cn--- |
| 086 | 1 |aE2-245/2000E |
| 110 | 1 |aCanada.|bForeign Affairs and International Trade. |bCanadian Centre for Foreign Policy Development. |
| 245 | 10|aBallistic Missiles Foreign Experts Roundtable report / |cby Ernie Regehr and Peter Moore. |
| 260 | |aOttawa - Ontario : |bForeign Affairs and International Trade. |c2001. |
| 300 | |a11 unnumbered pages. ; |c28 cm. |
| 563 | |aSoftcover |
| 590 | |a01-48|b2001-11-30 |
| 690 | 07|aForeign policy|2gcpds |
| 690 | 07|aNuclear weapons|2gcpds |
| 690 | 07|aArms control|2gcpds |
| 720 | 1 |aRegehr, Ernie |
| 720 | 1 |aMoore, Peter |
| 775 | 08|tRapport de la Table ronde des experts étrangers en missiles balistiques / |w(CaOODSP)9.681623 |
| 776 | 0#|tBallistic Missiles Foreign Experts Roundtable report, March 30-31, 2000 (Ottawa) / |w(CaOODSP)9.686037 |
| 986 | |a1008-6E |